[Event "FRA-ch U12"]
[Site "Saint Paul Trois Chateaux"]
[Date "2013.05.06"]
[Round "9"]
[White "Potratz, Yannick"]
[Black "Ea, Thibault"]
[Result "1-0"]
[WhiteElo "1396"]
[BlackElo "1650"]
[PlyCount "125"]
[EventDate "2013.04.28"]
[EventType "swiss"]
[EventRounds "9"]
[EventCountry "FRA"]
[SourceTitle "CBM 154 Extra"]
[Source "ChessBase"]
[SourceDate "2013.06.25"]
[SourceVersion "2"]
[SourceVersionDate "2013.06.25"]
[SourceQuality "1"]

1. e4 e6 2. d4 d5 3. Nd2 a6 4. c3 c5 5. exd5 exd5 6. Ndf3 Nc6 7. h3 Nf6 8. Bg5 Bd6 9. dxc5 Bxc5 10. Bxf6 gxf6 11. Ne2 Qb6 12. Nfd4 Qxb2 13. Nb3 Be7 14. Qc1 Qxc1+ 15. Rxc1 Be6 16. g3 0-0-0 17. Bg2 Ba3 18. Rd1 Ne7 19. 0-0 Ng6 20. Rfe1 Rhe8 21. Ned4 Bb2 22. Re2 Ba3 23. Rde1 Kd7 24. g4 Nf8 25. f4 Kd6 26. Nf5+ Kc7 27. Ng7 Ng6 28. Nxe8+ Rxe8 29. f5 Nf4 30. fxe6 Nxe2+ 31. Rxe2 Rxe6 32. Kf2 Kd6 33. Nd4 Bc5 34. Kf3 Bxd4 35. cxd4 b5 36. Bf1 h6 37. Re3 Kc6 38. Bd3 a5 39. Bf5 Rxe3+ 40. Kxe3 Kd6 41. Kd3 Kc7 42. Kc3 Kd8 43. Kb3 Kc7 44. Bd3 Kc6 45. a3 Kb6 46. Bh7 Kc7 47. Bg8 Kd6 48. Bxf7 Kc6 49. Kc3 Kd7 50. Bxd5 Kd6 51. Bf7 Ke7 52. Ba2 Kd6 53. Kd3 b4 54. axb4 axb4 55. Ke4 Ke7 56. Kf5 Kd6 57. Kxf6 Kc6 58. g5 hxg5 59. Kxg5 Kb5 60. h4 Ka4 61. h5 Ka3 62. Bf7 Kb2 63. h6 1-0

[Event "Marseille op 4th"]
[Site "Marseille"]
[Date "2011.12.27"]
[Round "4"]
[White "Vighetti, Patrice"]
[Black "Potratz, Yannick"]
[Result "1/2-1/2"]
[WhiteElo "1664"]
[BlackElo "1300"]
[PlyCount "112"]
[EventDate "2011.12.26"]
[EventType "swiss"]
[EventRounds "9"]
[EventCountry "FRA"]
[SourceTitle "CBM 146 Extra"]
[Source "ChessBase"]
[SourceDate "2012.02.29"]
[SourceVersion "1"]
[SourceVersionDate "2012.02.29"]
[SourceQuality "1"]

1. d4 d5 2. Nf3 Nf6 3. Bf4 e6 4. a3 Be7 5. e3 0-0 6. Bd3 Nbd7 7. Nbd2 b6 8. c4 dxc4 9. Nxc4 c5 10. dxc5 Nxc5 11. Bc2 Qxd1+ 12. Rxd1 Ba6 13. Nce5 Nd5 14. Nc6 Bf6 15. Be5 Bxe5 16. Ncxe5 Rac8 17. Nd4 Rc7 18. b4 Nd7 19. Nxd7 Rxd7 20. b5 Bb7 21. Nc6 a6 22. e4 Nf6 23. Rxd7 Nxd7 24. a4 axb5 25. axb5 Bxc6 26. bxc6 Nb8 27. c7 Na6 28. 0-0 Nxc7 29. Rb1 Rb8 30. Bd3 Kf8 31. Rc1 Ne8 32. e5 h6 33. Bb5 Ke7 34. Kf1 Kd8 35. Rd1+ Ke7 36. Rd7+ Kf8 37. Ra7 f6 38. Bxe8 Rxe8 39. exf6 gxf6 40. Rb7 Rc8 41. Rxb6 Kf7 42. Rb7+ Kg6 43. Rd7 Rc2 44. Ke1 Rc1+ 45. Ke2 Rc2+ 46. Ke3 Rc3+ 47. Rd3 Rxd3+ 48. Kxd3 Kf5 49. Ke3 Ke5 50. g4 f5 51. f4+ Kf6 52. h3 e5 53. fxe5+ Kxe5 54. Kf3 fxg4+ 55. Kxg4 Kf6 56. Kh5 Kg7 1/2-1/2